[Event "IECG CB.2002.0.00063 email"]
[Site "IECG email"]
[Date "2003.04.30"]
[Round "?"]
[White "Jensen, Soeren"]
[Black "Powles, Jonathan"]
[Result "1/2-1/2"]
[WhiteElo "1867"]
[BlackElo "1829"]
[PlyCount "60"]
[EventDate "2002.12.15"]
[EventType "tourn (corr)"]
[EventRounds "6"]
[SourceTitle "Corr 2008"]
[Source "ChessBase"]
[SourceDate "2008.06.24"]
[SourceVersion "1"]
[SourceVersionDate "2008.06.24"]
[SourceQuality "1"]

1. Nc3 e5 2. Nf3 Nc6 3. d4 exd4 4. Nxd4 Bb4 5. Nxc6 Bxc3+ 6. bxc3 bxc6 7. Qd4 Nf6 8. Qe5+ Qe7 9. Qxc7 Qc5 10. Qg3 0-0 11. Qd3 Ne4 12. Qd4 Qxc3+ 13. Qxc3 Nxc3 14. Bb2 Na4 15. Ba3 Re8 16. Kd2 Rb8 17. e3 c5 18. Bd3 d6 19. Rab1 Nb6 20. Bb5 Re7 21. Be2 Be6 22. Rb2 Bd5 23. Rg1 Reb7 24. f3 Nc4+ 25. Bxc4 Bxc4 26. Kc3 Rxb2 27. Bxb2 Kf8 28. e4 Ke7 29. Rd1 a6 30. a3 Be6 1/2-1/2

[Event "IECC P email"]
[Site "IECC email"]
[Date "2002.11.25"]
[Round "?"]
[White "Powles, Jonathan"]
[Black "Bilsel, Sabahaddin"]
[Result "0-1"]
[WhiteElo "1798"]
[BlackElo "2121"]
[PlyCount "54"]
[EventDate "2002.??.??"]
[EventType "tourn (corr)"]
[EventRounds "6"]
[SourceTitle "Corr 2008"]
[Source "ChessBase"]
[SourceDate "2008.06.24"]
[SourceVersion "1"]
[SourceVersionDate "2008.06.24"]
[SourceQuality "1"]

1. e4 c5 2. Nf3 d6 3. d4 cxd4 4. Nxd4 Nf6 5. Nc3 a6 6. Bg5 e6 7. f4 Qb6 8. Qd2 Qxb2 9. Nb3 Qa3 10. Bxf6 gxf6 11. Bc4 Bg7 12. Rd1 Qb4 13. Be2 f5 14. e5 Bd7 15. a3 Qxa3 16. Qxd6 Qxd6 17. Rxd6 Ke7 18. Bf3 f6 19. Bxb7 Ra7 20. Nc5 fxe5 21. Rb6 exf4 22. Ne2 Be5 23. c4 Bc7 24. Rb2 Bc8 25. Bf3 Nd7 26. Nxd7 Bxd7 27. Nc3 Rc8 0-1

[Event "IECG CP.2002.P.00104 email"]
[Site "IECG email"]
[Date "2002.10.01"]
[Round "?"]
[White "Powles, Jonathan"]
[Black "Davidson, Allan D"]
[Result "1-0"]
[WhiteElo "1829"]
[BlackElo "713"]
[PlyCount "37"]
[EventDate "2002.10.01"]
[EventType "tourn (corr)"]
[EventRounds "6"]
[EventCountry "FRA"]
[SourceTitle "Corr 2008"]
[Source "ChessBase"]
[SourceDate "2008.06.24"]
[SourceVersion "1"]
[SourceVersionDate "2008.06.24"]
[SourceQuality "1"]

1. e4 c6 2. d4 d5 3. e5 Bf5 4. Nc3 e6 5. g4 Bg6 6. Nge2 c5 7. h4 h6 8. f4 Nc6 9. Bg2 cxd4 10. Nxd4 Nxd4 11. Qxd4 Bxc2 12. f5 Qa5 13. fxe6 Bc5 14. exf7+ Kxf7 15. Qxd5+ Ke7 16. Qxb7+ Ke8 17. Bc6+ Kf8 18. Qxa8+ Kf7 19. Qe8# 1-0

[Event "IECC CL3-2002.30"]
[Site "IECC email"]
[Date "2002.09.05"]
[Round "?"]
[White "Milde, Lars"]
[Black "Powles, Jonathan"]
[Result "1-0"]
[WhiteElo "1922"]
[BlackElo "1818"]
[PlyCount "79"]
[EventDate "2002.??.??"]
[EventType "tourn (corr)"]
[EventRounds "4"]
[SourceTitle "Corr 2008"]
[Source "ChessBase"]
[SourceDate "2008.06.24"]
[SourceVersion "1"]
[SourceVersionDate "2008.06.24"]
[SourceQuality "1"]

1. e4 c5 2. Nf3 d6 3. d4 cxd4 4. Nxd4 Nf6 5. Nc3 a6 6. Be3 Ng4 7. Bg5 h6 8. Bh4 g5 9. Bg3 Bg7 10. Be2 h5 11. Nf5 Bxf5 12. exf5 Qa5 13. 0-0 Bxc3 14. bxc3 Qxf5 15. Rb1 Nc6 16. Rxb7 Qc8 17. Rb6 Qc7 18. Rxc6 Qxc6 19. Bf3 Qc8 20. Re1 Ne5 21. Bxa8 Qxa8 22. Bxe5 dxe5 23. Rxe5 g4 24. Qd6 Qb7 25. Re1 Kf8 26. Qd2 Qb6 27. c4 Qd6 28. Qe3 Qf6 29. c5 Kg7 30. Qxe7 Qxe7 31. Rxe7 Rd8 32. Kf1 Rd2 33. Re5 Kg6 34. c3 Rc2 35. Ke1 h4 36. Re4 Kf5 37. Rc4 Rb2 38. c6 Rb8 39. c7 Rc8 40. Kd2 1-0

[Event "IECC CL4-2001.05"]
[Site "IECC email"]
[Date "2001.02.12"]
[Round "?"]
[White "Powles, Jonathan"]
[Black "Frignani, Giorgio"]
[Result "1/2-1/2"]
[WhiteElo "1826"]
[BlackElo "1677"]
[PlyCount "92"]
[EventDate "2001.??.??"]
[EventType "tourn (corr)"]
[EventRounds "4"]
[SourceTitle "Corr 2008"]
[Source "ChessBase"]
[SourceDate "2008.06.24"]
[SourceVersion "1"]
[SourceVersionDate "2008.06.24"]
[SourceQuality "1"]

1. e4 c5 2. Nf3 d6 3. d4 cxd4 4. Nxd4 Nf6 5. Nc3 g6 6. f4 Nbd7 7. Be2 a6 8. Be3 Bg7 9. 0-0 0-0 10. Kh1 Qc7 11. a4 e5 12. Nb3 b6 13. f5 Bb7 14. Qd3 Rfe8 15. Rad1 Bf8 16. Bg5 Be7 17. fxg6 hxg6 18. Qf3 Rf8 19. h4 Kh8 20. h5 gxh5 21. Qh3 Rg8 22. Qh4 Kg7 23. Rf2 Qd8 24. Rdf1 Kf8 25. Qxh5 Ke8 26. Qh4 Rc8 27. Bxf6 Bxf6 28. Rxf6 Nxf6 29. Rxf6 Rg6 30. Qh8+ Ke7 31. Qxd8+ Rxd8 32. Rxg6 fxg6 33. Bc4 Bxe4 34. Nxe4 d5 35. Bd3 dxe4 36. Bxe4 Rd1+ 37. Kh2 Rb1 38. Bxg6 Rxb2 39. a5 bxa5 40. Nxa5 Ra2 41. Nc6+ Kd6 42. Nd8 Ke7 43. Nc6+ Kd6 44. Nb4 Ra4 45. c3 Ra3 46. Be4 a5 1/2-1/2

[Event "IECG CP.1999.Q.00002"]
[Site "IECG email"]
[Date "2000.10.01"]
[Round "?"]
[White "Istomin, Sergei"]
[Black "Powles, Jonathan"]
[Result "1/2-1/2"]
[WhiteElo "1488"]
[BlackElo "1836"]
[PlyCount "84"]
[EventDate "2000.10.01"]
[EventType "tourn (corr)"]
[EventRounds "8"]
[EventCountry "SVK"]
[SourceTitle "Corr 2008"]
[Source "ChessBase"]
[SourceDate "2008.06.24"]
[SourceVersion "1"]
[SourceVersionDate "2008.06.24"]
[SourceQuality "1"]

1. Nf3 Nf6 2. c4 e6 3. g3 d5 4. b3 c5 5. Bg2 Nc6 6. 0-0 Be7 7. Na3 d4 8. d3 0-0 9. Nc2 e5 10. a3 Bf5 11. b4 Qc7 12. b5 Nd8 13. e4 Bd7 14. a4 b6 15. Bd2 Nb7 16. Nxe5 Qxe5 17. Bf4 Qh5 18. e5 Ng4 19. h3 Na5 20. Rb1 Rae8 21. hxg4 Bxg4 22. f3 Be6 23. Bd2 Qxe5 24. f4 Qf5 25. Bxa5 bxa5 26. Be4 Qh3 27. Qf3 Bf5 28. Bxf5 Qxf5 29. Rbe1 Bd6 30. Rxe8 Rxe8 31. Re1 Rxe1+ 32. Nxe1 g5 33. Qe4 Qxe4 34. dxe4 gxf4 35. g4 Kg7 36. Kg2 Kg6 37. Kf3 f6 38. Nd3 h5 39. gxh5+ Kxh5 40. Nf2 Kg6 41. Nd3 Kg5 42. Ne1 Kh4 1/2-1/2

[Event "IECG CP.1999.Q.00002"]
[Site "IECG email"]
[Date "2000.10.01"]
[Round "?"]
[White "Lazan, Rastislav"]
[Black "Powles, Jonathan"]
[Result "1-0"]
[WhiteElo "2169"]
[BlackElo "1836"]
[PlyCount "53"]
[EventDate "2000.10.01"]
[EventType "tourn (corr)"]
[EventRounds "8"]
[EventCountry "SVK"]
[SourceTitle "Corr 2008"]
[Source "ChessBase"]
[SourceDate "2008.06.24"]
[SourceVersion "1"]
[SourceVersionDate "2008.06.24"]
[SourceQuality "1"]

1. d4 b6 2. c4 e6 3. e4 Bb7 4. Bd3 Nc6 5. Ne2 g6 6. Nbc3 Bg7 7. Be3 Nge7 8. 0-0 0-0 9. Qd2 e5 10. d5 Nd4 11. f4 Nxe2+ 12. Nxe2 exf4 13. Bxf4 d6 14. Bh6 c5 15. Rf3 Bc8 16. Raf1 f6 17. Ng3 Kh8 18. Be3 Rb8 19. a3 a6 20. b4 Qc7 21. R3f2 Bd7 22. Kh1 Rfe8 23. Rxf6 Bxf6 24. Rxf6 Ba4 25. Qb2 Kg8 26. Bh6 Nc8 27. Be2 1-0

[Event "IECC CL4-2000.26"]
[Site "IECC email"]
[Date "2000.05.25"]
[Round "?"]
[White "Powles, Jonathan"]
[Black "Perez, Maria Jose"]
[Result "0-1"]
[WhiteElo "1788"]
[BlackElo "1878"]
[PlyCount "56"]
[EventDate "2000.??.??"]
[EventType "tourn (corr)"]
[EventRounds "4"]
[SourceTitle "Corr 2008"]
[Source "ChessBase"]
[SourceDate "2008.06.24"]
[SourceVersion "1"]
[SourceVersionDate "2008.06.24"]
[SourceQuality "1"]

1. e4 c6 2. d4 d5 3. e5 Bf5 4. Nc3 e6 5. g4 Bg6 6. Nge2 c5 7. h4 h6 8. Be3 Qb6 9. Qd2 Nc6 10. f4 Qxb2 11. Rb1 Qxc2 12. Qxc2 Bxc2 13. Rxb7 c4 14. f5 Bb4 15. fxe6 fxe6 16. Bd2 Rb8 17. Rxb8+ Nxb8 18. Bg2 Nc6 19. Nb5 Be7 20. Nf4 Kd7 21. Nxd5 exd5 22. Bxd5 a6 23. e6+ Kc8 24. Bxc6 axb5 25. Bxb5 Bd3 26. Rh3 Kb7 27. a4 Nf6 28. Bc6+ Kxc6 0-1

[Event "IECC CL4-2000.21"]
[Site "IECC email"]
[Date "2000.04.11"]
[Round "?"]
[White "Caprioglio, Marco"]
[Black "Powles, Jonathan"]
[Result "0-1"]
[WhiteElo "1760"]
[BlackElo "1779"]
[PlyCount "64"]
[EventDate "2000.??.??"]
[EventType "tourn (corr)"]
[EventRounds "4"]
[SourceTitle "Corr 2008"]
[Source "ChessBase"]
[SourceDate "2008.06.24"]
[SourceVersion "1"]
[SourceVersionDate "2008.06.24"]
[SourceQuality "1"]

1. e4 c5 2. d4 cxd4 3. c3 dxc3 4. Nxc3 Nc6 5. Nf3 d6 6. Bc4 a6 7. 0-0 Nf6 8. Bg5 e6 9. Qe2 h6 10. Bf4 e5 11. Be3 Be7 12. Rfd1 Bg4 13. h3 Be6 14. Rac1 0-0 15. Bd5 Qc7 16. a3 Rfe8 17. Bxe6 fxe6 18. Rc2 Rac8 19. b4 b5 20. Rdc1 Qb7 21. Qd1 Rf8 22. Nh4 Rfd8 23. Ng6 Kh7 24. Nh4 g5 25. Nf3 d5 26. exd5 exd5 27. Bxg5 hxg5 28. Nxg5+ Kg8 29. Qd3 e4 30. Ncxe4 Nxe4 31. Nxe4 dxe4 32. Qxe4 Rd6 0-1

[Event "IECC Swiss email"]
[Site "IECC email"]
[Date "1999.12.08"]
[Round "?"]
[White "Dunn, Carl"]
[Black "Powles, Jonathan"]
[Result "1-0"]
[WhiteElo "1913"]
[BlackElo "1788"]
[PlyCount "105"]
[EventDate "1999.??.??"]
[EventType "tourn (corr)"]
[EventRounds "6"]
[SourceTitle "Corr 2008"]
[Source "ChessBase"]
[SourceDate "2008.06.24"]
[SourceVersion "1"]
[SourceVersionDate "2008.06.24"]
[SourceQuality "1"]

1. e4 c5 2. Nc3 e6 3. Nf3 a6 4. d4 cxd4 5. Nxd4 d6 6. Be2 Nf6 7. 0-0 b5 8. Bf3 Ra7 9. Qe2 Be7 10. Be3 Rd7 11. e5 dxe5 12. Nc6 Qc7 13. Nxb8 Qxb8 14. Bc6 b4 15. Nd1 0-0 16. Bxd7 Bxd7 17. c4 e4 18. b3 Bd6 19. h3 Be5 20. Rc1 Bc6 21. Bd2 Nd7 22. Ne3 f5 23. Nc2 a5 24. Bg5 h6 25. Be3 f4 26. Qg4 Rf6 27. Bd4 Qe8 28. Qd1 Qg6 29. Kh1 f3 30. g4 Bf4 31. Be3 h5 32. Bxf4 Rxf4 33. Qd6 Qh6 34. Ne3 hxg4 35. Kg1 g3 36. fxg3 Rf6 37. Kf2 e5 38. Qe7 Qxh3 39. Rh1 Qe6 40. Qd8+ Rf8 41. Qxa5 Qe7 42. Rcd1 Nc5 43. Qb6 Ba8 44. Qg6 Rf6 45. Qh7+ Kf7 46. Nf5 Rxf5 47. Qxf5+ Qf6 48. Qxf6+ Kxf6 49. Rh8 Bb7 50. Rd6+ Ke7 51. Rb6 Kd7 52. Rh7 Kc7 53. Rg6 1-0

[Event "IECC TH-M email"]
[Site "IECC email"]
[Date "1999.11.11"]
[Round "?"]
[White "Berkley, Stephen W"]
[Black "Powles, Jonathan"]
[Result "0-1"]
[WhiteElo "1725"]
[BlackElo "1774"]
[PlyCount "72"]
[EventDate "1999.??.??"]
[EventType "match (corr)"]
[EventRounds "2"]
[SourceTitle "Corr 2008"]
[Source "ChessBase"]
[SourceDate "2008.06.24"]
[SourceVersion "1"]
[SourceVersionDate "2008.06.24"]
[SourceQuality "1"]

1. d4 Nf6 2. c4 e6 3. Nc3 Bb4 4. a3 Bxc3+ 5. bxc3 b6 6. f3 Ba6 7. e4 Nc6 8. e5 Ng8 9. Nh3 Qe7 10. Qa4 Na5 11. c5 Bxf1 12. Rxf1 f6 13. Bf4 fxe5 14. Bxe5 Rc8 15. Ra2 Nf6 16. Re2 Nc6 17. Bg3 a5 18. Nf4 Nd8 19. d5 0-0 20. Qd4 bxc5 21. Qa4 g5 22. Nd3 Nxd5 23. Qxa5 d6 24. c4 Nb6 25. Qc3 Qf6 26. Qxf6 Rxf6 27. Nb2 Nc6 28. Kd2 Nd4 29. Re3 g4 30. f4 Rb8 31. Ree1 Rf5 32. Re4 d5 33. cxd5 Rxd5 34. Ke1 Ra8 35. Kf2 Rxa3 36. Rd1 Ra2 0-1

[Event "IECC Y2KO email"]
[Site "IECC email"]
[Date "1999.10.14"]
[Round "?"]
[White "Badenhorst, Jack D"]
[Black "Powles, Jonathan"]
[Result "0-1"]
[WhiteElo "1074"]
[BlackElo "1779"]
[PlyCount "60"]
[EventDate "1999.??.??"]
[EventType "tourn (corr)"]
[EventRounds "2"]
[SourceTitle "Corr 2008"]
[Source "ChessBase"]
[SourceDate "2008.06.24"]
[SourceVersion "1"]
[SourceVersionDate "2008.06.24"]
[SourceQuality "1"]

1. e4 c5 2. Nf3 d6 3. b3 Nf6 4. Bb2 Nxe4 5. Bd3 Nf6 6. 0-0 Nc6 7. Bxf6 exf6 8. Nc3 d5 9. Re1+ Be7 10. Nh4 g6 11. Bb5 Be6 12. a4 d4 13. Bxc6+ bxc6 14. Ne2 g5 15. Nf3 g4 16. Nh4 f5 17. g3 Bxh4 18. gxh4 0-0 19. Nf4 Re8 20. Nxe6 Rxe6 21. Rxe6 fxe6 22. f3 Qxh4 23. fxg4 Kf7 24. Qf3 Rg8 25. h3 h5 26. Qxc6 hxg4 27. Qb7+ Kf6 28. Kh2 gxh3 29. Rg1 Qf2+ 30. Kxh3 Rh8+ 0-1

[Event "IECG CP.1999.P.00063"]
[Site "IECG email"]
[Date "1999.10.01"]
[Round "?"]
[White "Kessel, Rolf"]
[Black "Powles, Jonathan"]
[Result "0-1"]
[WhiteElo "1719"]
[BlackElo "1825"]
[PlyCount "44"]
[EventDate "1999.10.01"]
[EventType "tourn (corr)"]
[EventRounds "6"]
[EventCountry "ENG"]
[SourceTitle "Corr 2008"]
[Source "ChessBase"]
[SourceDate "2008.06.24"]
[SourceVersion "1"]
[SourceVersionDate "2008.06.24"]
[SourceQuality "1"]

1. e4 c5 2. d4 cxd4 3. c3 Nf6 4. e5 Nd5 5. Bc4 Qc7 6. Qe2 Nb6 7. Bb3 d3 8. Qe4 Na6 9. Be3 e6 10. Nf3 Nc5 11. Bxc5 Bxc5 12. Qxd3 d6 13. Nbd2 dxe5 14. Ne4 Bd7 15. 0-0 Be7 16. c4 f5 17. c5 fxe4 18. cxb6 Qc6 19. Nxe5 exd3 20. Nxc6 Bxc6 21. Bxe6 axb6 22. Bc4 d2 0-1

[Event "IECC CL3-1999.28"]
[Site "IECC email"]
[Date "1999.07.22"]
[Round "?"]
[White "Powles, Jonathan"]
[Black "Olsson, Peter"]
[Result "1-0"]
[WhiteElo "1819"]
[BlackElo "1739"]
[PlyCount "115"]
[EventDate "1999.??.??"]
[EventType "tourn (corr)"]
[EventRounds "4"]
[SourceTitle "Corr 2008"]
[Source "ChessBase"]
[SourceDate "2008.06.24"]
[SourceVersion "1"]
[SourceVersionDate "2008.06.24"]
[SourceQuality "1"]

1. d4 d5 2. c4 e6 3. Nc3 Nf6 4. Bg5 Bb4 5. e3 h6 6. Bh4 c5 7. cxd5 exd5 8. dxc5 Qa5 9. Bxf6 gxf6 10. Nge2 Qxc5 11. a3 Bxc3+ 12. Nxc3 Be6 13. Qf3 Ke7 14. Rd1 Rd8 15. Be2 Nc6 16. Qh5 Ne5 17. Qxh6 Rg8 18. 0-0 Rg6 19. Qh4 Rd8 20. Qd4 Qxd4 21. exd4 Nc6 22. f4 Bg4 23. Bxg4 Rxg4 24. Rfe1+ Kd6 25. g3 f5 26. b4 Rg6 27. b5 Ne7 28. Rc1 Re6 29. Rxe6+ fxe6 30. b6 a6 31. Na4 Nc6 32. Nc5 Na5 33. Kf2 Rh8 34. h4 Rh7 35. Re1 Re7 36. h5 Nc6 37. Ke3 Rh7 38. a4 Nd8 39. Rh1 Kc6 40. Kf3 Kxb6 41. g4 fxg4+ 42. Kxg4 Rg7+ 43. Kh4 Kc6 44. h6 Re7 45. Kg5 Kd6 46. a5 Nf7+ 47. Kf6 Nh8 48. Rb1 Rf7+ 49. Kg5 Rf5+ 50. Kg4 Rf6 51. Rb6+ Ke7 52. Rxb7+ Kd6 53. h7 Rg6+ 54. Kf3 Rh6 55. Nxa6 Rh3+ 56. Kg4 Rd3 57. Rb8 Nf7 58. Rb6+ 1-0

[Event "IECC CL3-1999.28"]
[Site "IECC email"]
[Date "1999.07.22"]
[Round "?"]
[White "Topi Hulmi, Teemu"]
[Black "Powles, Jonathan"]
[Result "1-0"]
[WhiteElo "1936"]
[BlackElo "1813"]
[PlyCount "47"]
[EventDate "1999.??.??"]
[EventType "tourn (corr)"]
[EventRounds "4"]
[SourceTitle "Corr 2008"]
[Source "ChessBase"]
[SourceDate "2008.06.24"]
[SourceVersion "1"]
[SourceVersionDate "2008.06.24"]
[SourceQuality "1"]

1. e4 c5 2. c3 e6 3. d4 d5 4. exd5 exd5 5. Be3 c4 6. b3 cxb3 7. axb3 Nc6 8. Bd3 Bd6 9. Qf3 Nf6 10. h3 0-0 11. Ne2 h6 12. Nd2 a6 13. g4 Be6 14. g5 hxg5 15. Bxg5 Re8 16. Kd1 b5 17. Nf4 Ra7 18. Rg1 Bxf4 19. Qxf4 Kf8 20. Rg3 Ke7 21. Nf3 Qb6 22. Ne5 a5 23. Bh4 Kf8 24. Rxg7 1-0

[Event "IECC Swiss email"]
[Site "IECC email"]
[Date "1999.06.16"]
[Round "?"]
[White "Roldan Ortiz, Antonio Jose"]
[Black "Powles, Jonathan"]
[Result "1-0"]
[WhiteElo "1946"]
[BlackElo "1823"]
[PlyCount "99"]
[EventDate "1999.??.??"]
[EventType "tourn (corr)"]
[EventRounds "6"]
[SourceTitle "Corr 2008"]
[Source "ChessBase"]
[SourceDate "2008.06.24"]
[SourceVersion "1"]
[SourceVersionDate "2008.06.24"]
[SourceQuality "1"]

1. d4 Nf6 2. c4 e6 3. Nf3 Bb4+ 4. Nbd2 b6 5. a3 Bxd2+ 6. Bxd2 Bb7 7. Bg5 d6 8. e3 h6 9. Bh4 g5 10. Bg3 Ne4 11. Bd3 Nd7 12. 0-0 h5 13. h4 g4 14. Bxe4 Bxe4 15. Ng5 Bb7 16. e4 Qe7 17. d5 Ba6 18. Qa4 Bb7 19. e5 0-0-0 20. exd6 cxd6 21. Qxa7 Kc7 22. Qa4 exd5 23. cxd5 Nc5 24. Rac1 Kb8 25. Qb5 Ka7 26. Rfe1 Qd7 27. Qxd7 Rxd7 28. Rcd1 f5 29. b4 Na4 30. Rd3 Rc8 31. Re6 Nc3 32. Rxd6 Rxd6 33. Bxd6 Nxd5 34. Ne6 Rc1+ 35. Kh2 Rc2 36. Nd8 Ba8 37. b5 Nc3 38. Nc6+ Bxc6 39. bxc6 Ne4 40. c7 Nxd6 41. Rxd6 Kb7 42. Rh6 f4 43. Rxh5 Rxf2 44. Rg5 g3+ 45. Kh3 Kxc7 46. h5 Rf1 47. Kg4 Rf2 48. h6 Rxg2 49. Rg7+ Kd6 50. Kxf4 1-0

[Event "IECC KO email"]
[Site "IECC email"]
[Date "1999.04.26"]
[Round "?"]
[White "Gustafsson, Lars"]
[Black "Powles, Jonathan"]
[Result "0-1"]
[WhiteElo "1764"]
[BlackElo "1803"]
[PlyCount "86"]
[EventDate "1999.??.??"]
[EventType "tourn (corr)"]
[EventRounds "6"]
[SourceTitle "Corr 2008"]
[Source "ChessBase"]
[SourceDate "2008.06.24"]
[SourceVersion "1"]
[SourceVersionDate "2008.06.24"]
[SourceQuality "1"]

1. d4 Nf6 2. c4 e6 3. Nc3 Bb4 4. Qc2 c5 5. dxc5 0-0 6. a3 Bxc5 7. Nf3 b6 8. Bg5 h6 9. Bh4 Bb7 10. e4 Be7 11. Be2 d6 12. Rd1 Nbd7 13. e5 dxe5 14. Nxe5 Qe8 15. Nxd7 Nxd7 16. Bxe7 Qxe7 17. 0-0 Ne5 18. Rfe1 Rfd8 19. Ne4 Rac8 20. Rxd8+ Rxd8 21. b4 f5 22. Ng3 Qg5 23. c5 f4 24. Ne4 Qg6 25. f3 Bxe4 26. Qxe4 Qxe4 27. fxe4 bxc5 28. bxc5 Rd2 29. Bf3 Nd3 30. Rb1 Nxc5 31. Rc1 Nd3 32. Rc8+ Kf7 33. Rc7+ Kf6 34. Rxa7 Ra2 35. h3 Ra1+ 36. Kh2 g5 37. Ra5 Ne5 38. a4 Ra3 39. Bd1 Nc4 40. Ra6 Ne3 41. Bg4 Nxg4+ 42. hxg4 Ke5 43. a5 Ra1 0-1

[Event "IECC KO email"]
[Site "IECC email"]
[Date "1999.04.26"]
[Round "?"]
[White "Powles, Jonathan"]
[Black "Gustafsson, Lars"]
[Result "1/2-1/2"]
[WhiteElo "1811"]
[BlackElo "1822"]
[PlyCount "33"]
[EventDate "1999.??.??"]
[EventType "tourn (corr)"]
[EventRounds "6"]
[SourceTitle "Corr 2008"]
[Source "ChessBase"]
[SourceDate "2008.06.24"]
[SourceVersion "1"]
[SourceVersionDate "2008.06.24"]
[SourceQuality "1"]

1. e4 e5 2. Nf3 Nc6 3. Bb5 a6 4. Ba4 Nf6 5. 0-0 b5 6. Bb3 Be7 7. Re1 0-0 8. h3 Bb7 9. d3 d6 10. a3 Qd7 11. Nc3 Rae8 12. Nd5 Nxd5 13. Bxd5 Nd8 14. Bxb7 Nxb7 15. b4 Nd8 16. Bb2 Bf6 17. Qd2 1/2-1/2

[Event "IECC Swiss email"]
[Site "IECC email"]
[Date "1999.01.27"]
[Round "?"]
[White "Powles, Jonathan"]
[Black "Guyot, Patrick"]
[Result "1-0"]
[WhiteElo "1810"]
[BlackElo "1885"]
[PlyCount "85"]
[EventDate "1999.??.??"]
[EventType "tourn (corr)"]
[EventRounds "6"]
[SourceTitle "Corr 2008"]
[Source "ChessBase"]
[SourceDate "2008.06.24"]
[SourceVersion "1"]
[SourceVersionDate "2008.06.24"]
[SourceQuality "1"]

1. e4 e5 2. Nf3 Nc6 3. Bb5 a6 4. Ba4 Nf6 5. 0-0 Be7 6. Re1 b5 7. Bb3 0-0 8. a4 Bb7 9. d3 d6 10. Nbd2 Na5 11. Ba2 c5 12. c3 Qc7 13. Nf1 c4 14. Bg5 cxd3 15. Qxd3 bxa4 16. N3d2 Bc6 17. Bxf6 Bxf6 18. Bd5 Rab8 19. Bxc6 Qxc6 20. b4 Nb7 21. Ne3 a5 22. Nd5 Rfc8 23. b5 Qe8 24. Nxf6+ gxf6 25. Rxa4 Nc5 26. Qg3+ Kh8 27. Rxa5 Rxb5 28. Rxb5 Qxb5 29. Qf3 Qd3 30. Qxf6+ Kg8 31. Qg5+ Kf8 32. Qh6+ Ke7 33. Qe3 Qc2 34. Nc4 Nd3 35. Nb6 Nxe1 36. Qg5+ Ke8 37. Qg8+ Ke7 38. Nd5+ Kd7 39. Qxf7+ Kc6 40. Nb4+ Kc5 41. Nxc2 Nxc2 42. Qd5+ Kb6 43. Qb3+ 1-0